Nós, os cegos, enxergamos longe (Record no. 7371)

MARC details
000 -LÍDER
campo de controle de tamanho fixo 00804 a2200289 4500
001 - NÚMERO DE CONTROLE
campo de controle 7371
003 - IDENTIFICADOR DO NÚMERO DE CONTROLE
campo de controle Complexo Educacional Contemporaneo
005 - DATA E HORÁRIO DA ÚLTIMA TRANSAÇÃO
campo de controle 20230919130028.0
008 - CAMPO DE DADOS FIXOS--INFORMAÇÃO GERAL
campo de controle de tamanho fixo 200515s2005 r por d
020 ## - ISBN - INTERNATIONAL STANDARD BOOK NUMBER
ISBN - International Standard Book Number 9788526261853
040 ## - FONTE DA CATALOGAÇÃO
Instituição da catalogação original Complexo Educacional Contemporaneo
Idioma da catalogação por
080 ## - CDU - CLASSIFICAÇÃO DECIMAL UNIVERSAL
Número da Classificação Decimal Universal (CDU) 304
082 ## - CDD - CLASSIFICAÇÃO DECIMAL DE DEWEY
Número de Classificação 304
090 ## - NÚMERO DE CHAMADA LOCAL
Número de chamada (OCLC) (R); Número de chamada, CALL (RLIN) (NR) 304 R586c
Número Cutter local (OCLC); Número de classificação do livro, CALL (RLIN) AP
100 ## - ENTRADA PRINCIPAL--NOME PESSOAL
Nome pessoal Rios, Sâmia
240 10 - TÍTULO UNIFORME
Título uniforme Nós, os cegos, enxergamos longe
Idioma da obra Português
260 ## - PUBLICAÇÃO, DISTRIBUIÇÃO, ETC.
Local de publicação, distribuição, etc. São Paulo
Nome do editor, distribuidor, etc. Scipione
Data da publicação, distribuição, etc. 2005
245 10 - TÍTULO
Título Nós, os cegos, enxergamos longe
300 ## - DESCRIÇÃO FÍSICA
Extensão 28p.
362 0# - DATAS DE PUBLICAÇÃO E/OU DESIGNAÇÃO SEQUENCIAL
Datas de publicação e/ou designação sequencial (2005)
650 #4 - ASSUNTO--TERMO TÓPICO
Cabeçalho tópico ou nome geográfico Deficiência Visual
650 #4 - ASSUNTO--TERMO TÓPICO
Cabeçalho tópico ou nome geográfico Diferenças
650 #4 - ASSUNTO--TERMO TÓPICO
Cabeçalho tópico ou nome geográfico Literatura Infanto Juvenil
700 1# - ENTRADA ADICIONADA - NOME PESSOAL
Nome pessoal Huainigg, Franz Joseph
700 1# - ENTRADA ADICIONADA - NOME PESSOAL
Nome pessoal Huainigg, Franz- Joseph
Holdings
Situação do descarte Situação das perdas Fonte da classificação ou esquema de arquivamento na estante Situação física Não pode ser emprestado Biblioteca de origem Biblioteca atual Data de aquisição Total de empréstimos Código de barras Data de último acesso Número do exemplar Data do preço efetivo Tipo de material Koha Número de chamada completo
          Colégio Anchieta - Aquarius Colégio Anchieta - Aquarius 21/11/2023   6986/AQU 21/11/2023   21/11/2023 Livros 028.5 RIO NOS
          Contemporâneo - Lagoa Nova P2 Contemporâneo - Lagoa Nova P2 15/05/2020   400220 19/09/2023 1 19/09/2023 Livros